000 00654nam a2200205 a 4500
005 20140412111350.0
008 050426s19uu xx 00 eng d
020 _a0-02-660933-9
050 _aTR(GS 372.4
_bM531 2000
100 _aMeramec, Chris
245 _aFun for pups :
_bdecodable book /
_cby Chris Meramec ; illustrated by Deborah Colvin Borgo.
260 _aColumbus, Ohio :
_bSRA/McGraw-Hill,
_c2000.
300 _a8 p. ; ill.
440 _aSRA Open Court Reading
500 _aLevel C, Set 1, Book 4
650 _aReading
_xPhonetics
_xJuvenile literature
650 _aMonkeys
_xFiction
650 _aChildren stories
999 _c105298
_d105298